GP Michael Schumacher - GP wins - Statistics

General Stats
  • This quiz has been taken 154 times
    64 since last reset
  • The average score is 85 of 179
Answer Stats
% Correct
1
98%
2
98%
19
95%
5
95%
3
93%
7
93%
200
90%
4
90%
6
90%
Ferrari
90%
199
88%
Benetton
88%
Belgian
86%
German
86%
1994
83%
1995
83%
1996
83%
1997
83%
1998
83%
1993
81%
2000
81%
2001
81%
2005
81%
2006
81%
Spanish
81%
United States
81%
1992
79%
1999
79%
2002
79%
2003
79%
2004
79%
Chinese
79%
Italian
79%
Japanese
79%
Brazilian
76%
British
76%
16
74%
Australian
74%
French
74%
18
71%
Autodromo Nazionale di Monza
69%
Hungarian
67%
Monaco
67%
Autodromo Internazionale Enzo e Dino Ferrari
64%
Canadian
64%
Silverstone Circuit
64%
Malaysian
62%
Portuguese
62%
Austrian
60%
San Marino
60%
Bahrain
57%
40
55%
Indianapolis Motor Speedway
55%
36
52%
39
52%
45
52%
48
52%
50
52%
Autódromo José Carlos Pace
52%
Suzuka International Racing Course
52%
206
50%
41
50%
53
50%
56
50%
57
50%
Albert Park Circuit
50%
Argentine
50%
Nürburgring
50%
42
48%
44
48%
Circuit de Barcelona-Catalunya
48%
Circuit Gilles Villeneuve
48%
F2002
48%
F2004
48%
202
45%
204
45%
205
45%
208
45%
59
45%
67
45%
Circuit de Spa-Francorchamps
45%
F2001
45%
203
43%
207
43%
212
43%
61
43%
63
43%
66
43%
68
43%
European
43%
Shanghai International Circuit
43%
101
40%
105
40%
111
40%
222
40%
76
40%
82
40%
92
40%
97
40%
129
38%
131
38%
83
38%
93
38%
Circuit de Nevers Magny-Cours
38%
116
36%
121
36%
130
36%
198
36%
90
36%
Circuit de Monaco
36%
Hockenheimring
36%
Hungaroring
36%
109
33%
110
33%
114
33%
134
33%
136
33%
143
33%
145
33%
146
33%
147
33%
150
33%
152
33%
154
33%
155
33%
158
33%
159
33%
Circuito de Jerez
33%
122
31%
142
31%
144
31%
162
31%
163
31%
165
31%
166
31%
167
31%
168
31%
170
31%
196
31%
197
31%
236
31%
248
31%
F2005
31%
Sepang International Circuit
31%
172
29%
173
29%
174
29%
176
29%
179
29%
193
29%
194
29%
237
29%
242
29%
247
29%
183
26%
184
26%
185
26%
187
26%
243
26%
244
26%
Circuito do Estoril
26%
A1-Ring
24%
F2003-GA
24%
B194
21%
B195
21%
Bahrain International Circuit
21%
B192
17%
F300
14%
F310
14%
FL
14%
Pacific
14%
F1-2000
12%
Autódromo Oscar y Juan Gálvez
10%
F399
10%
No FL
10%
F310B
7%
TI Circuit Aida
7%
248 F1
5%
B193B
5%
No matching quizzes found
Score Distribution
Percent of People with Each Score
Percentile by Number Answered
Your Score History
You have not taken this quiz since the last reset